Państwa Europy według podpowiedzi - Statystyki

Ogólne statystyki
  • Ten quiz został rozwiązany 79 razy
  • Średni wynik to 12 z 15
Statystyki odpowiedzi
Podpowiedź Państwo % Poprawnych
Opuściło Unię Europejską Wielka Brytania
99%
Jego stolicą jest Kopenhaga Dania
97%
Zaczyna się na literę "E" Estonia
97%
Było częścią Jugosławii i zaczyna się na "M" Macedonia Północna
93%
Graniczy z Morzem Białym Rosja
91%
Na jego terenie znajduje się Naddniestrze, nieuznawane państwo na arenie międzynarodowej Mołdawia
90%
Graniczy z Włochami, Austrią, Chorwacją i Węgrami Słowenia
90%
Było pierwszym państwem, które opuściło ZSRR Litwa
84%
Posiada terytorium o nazwie Svalbard Norwegia
83%
Jest najmniej zaludnionym państwem w Europie Watykan
81%
Skolonizowało Demokratyczną Republikę Konga Belgia
80%
Pomogło najbardziej Polakom w powstaniu warszawskim Węgry
70%
W tym państwie znajduje się najstarsza restauracja w Europie Polska
67%
Prezydentem tego państwa jest Rumen Radew Bułgaria
65%
Dołączyło do NATO w 2017 roku Czarnogóra
52%
Nie znaleziono quizów pasujących do podanych kryteriów
Rozkład punktacji
Procent ludzi z każdym wynikiem
Percentyl według liczby udzielonych odpowiedzi
Twoja historia wyników
Nie rozwiązałeś tego quizu